000
00320nam a2200121Ia 4500
008
210430s9999 xx 000 0 und d
082
_a
530 K2011P
100
_a
Gettys Edward W
_9
54835
245
_a
Physics Classical And Modern
_c
Gettys Edward W
260
_b
Mc Graw Hill
_c
1993
300
_a
1147p.
942
_c
BK
_2
ddc
999
_c
565601
_d
565601